Small business management : (Record no. 528860)

000 -LEADER
fixed length control field 00843pam a2200229 a 4500
020 ## - INTERNATIONAL STANDARD BOOK NUMBER
International Standard Book Number 053883045X (alk. paper)
082 00 - DEWEY DECIMAL CLASSIFICATION NUMBER
Classification number 658.022
Author Mark LON
100 1# - MAIN ENTRY--PERSONAL NAME
Personal name Longenecker, Justin G.
Dates associated with a name 1917-2005.
245 10 - TITLE STATEMENT
Title Small business management :
Remainder of title an entrepreneurial emphasis /
Statement of responsibility, etc. Justin G. Longenecker, Carlos W. Moore, J. William Petty.
250 ## - EDITION STATEMENT
Edition statement 9th ed.
260 ## - PUBLICATION, DISTRIBUTION, ETC.
Place of publication, distribution, etc. Cincinnati, Ohio :
Name of publisher, distributor, etc. South-Western Pub. Co.,
Date of publication, distribution, etc. c1994.
300 ## - PHYSICAL DESCRIPTION
Extent xvii, 828 p. :
Other physical details col. ill. ;
Dimensions 24 cm.
504 ## - BIBLIOGRAPHY, ETC. NOTE
Bibliography, etc. note Includes bibliographical references and index.
650 #0 - SUBJECT ADDED ENTRY--TOPICAL TERM
Topical term or geographic name entry element Small business
700 1# - ADDED ENTRY--PERSONAL NAME
Personal name Moore, Carlos W.
700 1# - ADDED ENTRY--PERSONAL NAME
Personal name Petty, J. William,
Dates associated with a name 1942-
942 ## - ADDED ENTRY ELEMENTS (KOHA)
Source of classification or shelving scheme
Koha item type Book
650 #0 - SUBJECT ADDED ENTRY--TOPICAL TERM
-- 12645
700 1# - ADDED ENTRY--PERSONAL NAME
-- 20658
700 1# - ADDED ENTRY--PERSONAL NAME
-- 20659
Holdings
Withdrawn status Lost status Source of classification or shelving scheme Damaged status Not for loan Permanent Location Current Location Shelving location Date acquired Full call number Barcode Date last seen Price effective from Koha item type
          Central Library (CL) Central Library (CL) Management Sciences 09/14/2019 658.022 LON NBS1211 09/14/2019 09/14/2019 Book
© 2023 Central Library, National University of Sciences and Technology. All Rights Reserved.